000 01427cam a2200313 4500
001 ABS63803
008 000000n2001 000 0 eng u
035 _a(Sirsi) u112398
100 _aDuncan Wallace, Ian Norman
_c1922-2006
245 _aVariation valuation: no correction of pricing errors
260 _c2001
490 _aInternational Construction Law Review
_v18(2) April 2001, 221-239(19)
520 _aConsiders the interpretation of the sequential formula for valuing variations in use with most forms of construction and civil engineering contracts in the majority judgements in "Henry Boot Construction Ltd v Alstom Combined Cycles Ltd". Examines in detail the remeasurement provisions of the ICE conditions of contract, particularly sub-clauses 56(2) and 55(2), dealing with quantities remeasurement claims and omitted items standard method claims respectively.
590 _aABS
650 _aBILLS OF QUANTITIES
650 _aBUILT ENVIRONMENT-BUILDING CONTRACT FORMS
650 _aContracts
_96232
650 _aCONTRACT CLAIMS
650 _aENGINEERING CONTRACTS
650 _aFORMULAE
650 _aHENRY BOOT CONSTRUCTION V ALSTOM COMBINED CYCLES
650 _aICE CONDITIONS OF CONTRACT
650 _aPRICING VARIATIONS
650 _aREMEASUREMENT
650 _aVALUATION OF VARIATIONS
650 _aVARIATIONS
690 _aBUILT ENVIRONMENT-BUILDING CONTRACT FORMS
942 _n0
999 _c66895
_d66895